Muhammad (Record no. 553897)

000 -LEADER
fixed length control field 00329nam a22001217a 4500
082 ## - DEWEY DECIMAL CLASSIFICATION NUMBER
Classification number 297
Author Mark ARM
-- M
100 ## - MAIN ENTRY--PERSONAL NAME
Personal name Armstrong, Karen
9 (RLIN) 9646
245 ## - TITLE STATEMENT
Title Muhammad
Remainder of title A Prophet for our time
260 ## - PUBLICATION, DISTRIBUTION, ETC.
Place of publication, distribution, etc. Rawalpindi,
Name of publisher, distributor, etc. Army publishing house,
Date of publication, distribution, etc. 2006.
300 ## - PHYSICAL DESCRIPTION
Extent 249p.
526 ## - STUDY PROGRAM INFORMATION NOTE
Program name 0
Interest level 0
Reading level 0
Title point value 297_000000000000000_ARM
942 ## - ADDED ENTRY ELEMENTS (KOHA)
Source of classification or shelving scheme
Koha item type Book
Holdings
Withdrawn status Lost status Source of classification or shelving scheme Damaged status Not for loan Permanent Location Current Location Date acquired Total Checkouts Full call number Barcode Date last seen Date last checked out Price effective from Koha item type
          Military College of Engineering (MCE) Military College of Engineering (MCE) 06/12/2017 1 297 ARM MCE-189M 01/26/2018 12/29/2017 06/12/2017 Book
© 2023 Central Library, National University of Sciences and Technology. All Rights Reserved.